Amino acid sequence of Hevein (Record no. 54076)

MARC details
000 -LEADER
fixed length control field 00433nam a2200157Ia 4500
100 ## - MAIN ENTRY--AUTHOR NAME
Personal name Walujono K
245 #0 - TITLE STATEMENT
Title Amino acid sequence of Hevein
260 ## - PUBLICATION, DISTRIBUTION, ETC. (IMPRINT)
Name of publisher Proceedings of the International Rubber Conference, Kuala Lumpur. V.2, 1975; p518-531
650 ## - SUBJECT ADDED ENTRY--TOPICAL TERM
Topical Term Hevein
700 ## - ADDED ENTRY--PERSONAL NAME
Personal name Beintema J J
700 ## - ADDED ENTRY--PERSONAL NAME
Personal name Hahn A M
700 ## - ADDED ENTRY--PERSONAL NAME
Personal name Mariono A
700 ## - ADDED ENTRY--PERSONAL NAME
Personal name Scholma R A
942 ## - ADDED ENTRY ELEMENTS (KOHA)
Koha item type Journals
Holdings
Withdrawn status Lost status Damaged status Not for loan Home library Current library Shelving location Date acquired Koha item type
      Journals RRII Library RRII Library Rubber chemistry 17/12/2021 Journals